Jede Farbe die Items in Rocket League annehmen können - Statistiken

Allgemein
  • Dieses Quiz wurde 221 mal gespielt
  • Das Durchschnittsergebnis liegt bei 7 aus 14
Antwortstatistiken
Antwort % Korrekt
Black
86%
Forest Green
75%
Titanium White
71%
Orange
64%
Purple
64%
Pink
58%
Sky Blue
53%
Grey
51%
Lime
43%
Gold
38%
Cobalt
33%
Crimson
32%
Burnt Sienna
23%
Saffron
22%
Keine übereinstimmenden Quizze gefunden
Verteilung der Resultate
Anzahl Personen mit jedem Resultat
Perzentil nach korrekt beantworteten Fragen
Ihre Resultats-Entwicklung
Sie haben dieses Quiz noch nicht gespielt